Sonic the Hedgehog Characters - Statistics

General Stats
  • This quiz has been taken 5,676 times
    5,674 since last reset
  • The average score is 16 of 35
Answer Stats
Answer % Correct
Sonic
100%
Tails
98%
Knuckles
95%
Shadow
93%
Amy
92%
Eggman
91%
Silver
77%
Rouge
75%
Cream
70%
Blaze
67%
Big
64%
Metal Sonic
64%
Vector
64%
Espio
59%
Charmy
57%
Chao
53%
Omega
50%
Jet
35%
Chaos
34%
Mighty
29%
Sally
26%
Wave
26%
Storm
24%
Chip
16%
Bean
15%
Bark
13%
Bunnie
13%
Marine
13%
Antoine
10%
Scourge
10%
Rotor
9%
Black Doom
8%
Dark Gaia
6%
Snively
4%
Julie Su
3%
No matching quizzes found
Score Distribution
Percent of People with Each Score
Percentile by Number Answered
Your Score History
You have not taken this quiz since the last reset